Gaudium et spes: Constitución pastoral sobre la Iglesia en el mundo actual

Sparad:
Bibliografiska uppgifter
Materialtyp: Bok
Språk:spanska
Publicerad: Santiago Paulinas 1988
Serie:Documentos de la Iglesia
Ämnen:
Taggar: Lägg till en tagg
Inga taggar, Lägg till första taggen!

MARC

LEADER 00000nam a2200000 a 4500
001 UCY1368
003 CL-VaPUC
008 940830e19880000CL |||||||||||||||||spa|d
082 0 4 |a 262.91  |b GAU  |2 21 
245 1 0 |a Gaudium et spes: Constitución pastoral sobre la Iglesia en el mundo actual 
300 |a 190 p 
942 |c BK 
945 |d 19940830 00:00:00  |a mfernand 
260 |a Santiago  |b Paulinas  |c 1988 
650 7 |a IGLESIA CATOLICA SIGLO 20  |2 CL-VaPUC  |9 329330 
650 7 |a IGLESIA DOCUMENTOS PONTIFICIOS  |2 CL-VaPUC  |9 329331 
583 |a last modification  |c 20180621 15:01:52  |k Rodrigo Vera 
490 0 |a Documentos de la Iglesia 
999 |c 230098  |d 230096 
952 |0 0  |1 0  |4 0  |6 262_910000000000000_GAU_1988  |7 0  |8 A  |9 232094  |a BIBEDU  |b BIBEDU  |d 2019-11-15  |i 154585K  |o 262.91 GAU 1988  |p 154585K  |r 2019-11-15  |w 2019-11-15  |y BK  |k EDU 
952 |0 0  |1 0  |4 0  |6 262_910000000000000_GAU_1988  |7 0  |8 A  |9 232095  |a BIBEDU  |b BIBEDU  |d 2019-11-15  |i 1545868  |o 262.91 GAU 1988  |p 1545868  |r 2019-11-15  |w 2019-11-15  |y BK  |k EDU